000 02131cam a22004934i 4500
003 PE-LiUPU
005 20250731173428.0
008 150706s r 000 0 d
035 _a(Sirsi) a52125
040 _aPE-LiUPU
_bspa
_cPE-LiUPU
_erda
049 _aPRUA
082 0 4 _a263.2
_bS79
_221
100 1 _aStein, Guilherme,
_eautor.
245 1 0 _aSucessos preditos da história universal /
_cGuilherme Stein Jr.
250 _a2a ed.
264 1 _aBrasília :
_bSociedade Criacionista Brasileira,
_c1995.
300 _a83 páginas :
_bilustraciones ;
_c21 cm.
336 _atext
_2rdacontent
337 _aunmediated
_2rdamedia
338 _avolume
_2rdacarrier
490 0 _aCentenário
505 0 _aO sonho de Nabucodonosor -- Declaração do sonho -- Interpretação -- O primeiro reino universal -- O segundo reino universal -- O terceiro reino universal -- O quarto reino universal -- O reino romano dividido -- A Pedra cortada sem mão -- A visão dos quatro animais -- O mar e os ventos -- os pensamentos de Deus não são os -- Pensamentos dos homens -- O Leão -- O urso -- O leopardo alado -- Una terrível visão -- As dez pontas -- A ponta pequena -- O dominador legítimo -- Seu reino e seus súditos.
526 _aSEG42
526 _aSEG41
526 _aSEG40
526 _aSEG39
526 _aP94
526 _aP87
526 _aP86
526 _aP85
526 _aP77
526 _aP76
526 _aP35
630 _aBiblia.
_pA.T.
_pDaniel
_xProfecías.
650 0 4 _aProfecias de Daniel
_xComentarios.
650 0 4 _aHistória Universal.
_92243
910 _clch
_d20130506
942 _2ddc
_cBOOK
949 _a263.2 S79
_wDEWEY
_c1
_i67018
_lCCODEBUL1
_mBUL
_p08.00
_r0
_sY
_tLIBRO
_u2015-07-06
_xBIBLIOTECA
_zUNKNOWN
_o.STAFF. Colección General
994 _aC0
_bPEPRU
596 _a1
999 _a263.2 S79
_wDEWEY
_c54723
_i67018
_d54723
_e2019-8-2
_f2021-11-10
_g5
_lCCODEBUL1
_mBUL
_n1
_p8.00
_q1
_r0
_sY
_tBOOK
_u2015-7-6
_xTEOLOGIA
_zUNKNOWN
_0COMPRA
_o.STAFF. Colección General
980 _81
_gALBERTO SANCHEZ Responsable de Automatización